000 00185nam a2200085Ia 4500
008 240331s9999 xx 000 0 und d
082 _bPUV
245 0 _aPuvathpath kalaameekshaa
942 _cL
999 _c1325
_d1325